Loading...

Modern tourism

Bibliografiske detaljer
Hovedforfatter: Anurag Fadia
Format: Printed Book
Udgivet: Cyber Tech Publications, New Delhi 2010
Fag:
LEADER 00468nam a2200157 4500
082 |a 338.4791 ANU-M 
100 |a Anurag Fadia 
245 |a Modern tourism  |c Anurag Fadia 
250
260 |a Cyber Tech Publications, New Delhi  |c 2010 
300 |a 272 p 
490
650 |a Tourism industry and management 
942 |c BK 
999 |c 127798  |d 127798 
952 |0 0  |1 0  |4 0  |6 338_479100000000000_ANUM  |7 0  |9 141260  |a COM  |b COM  |l 0  |o 338.4791 ANU-M  |p COM04657  |r 2019-10-24  |w 2019-10-24  |y BK